Países ganadores de Miss Universo - Estadísticas

Estadísticas generales
  • Esta prueba ha sido intentada 816 veces
    105 desde el último reinicio
  • La puntuación promedio es 61 de 74
Estadísticas de respuestas
Año País % Correcto
1954 Estados Unidos
100%
1956 Estados Unidos
100%
1960 Estados Unidos
100%
1967 Estados Unidos
100%
1980 Estados Unidos
100%
1995 Estados Unidos
100%
1997 Estados Unidos
100%
2012 Estados Unidos
100%
2022 Estados Unidos
100%
1979 Venezuela
99%
1981 Venezuela
99%
1986 Venezuela
99%
1996 Venezuela
99%
2008 Venezuela
99%
2009 Venezuela
99%
2013 Venezuela
99%
1991 México
97%
2010 México
97%
2020 México
97%
2025 México
97%
1982 Canadá
96%
2005 Canadá
96%
1958 Colombia
96%
2014 Colombia
96%
1974 España
94%
1953 Francia
94%
2016 Francia
94%
1962 Argentina
90%
1987 Chile
90%
1952 Finlandia
90%
1975 Finlandia
90%
1959 Japón
90%
2007 Japón
90%
1957 Perú
90%
2002 Rusia
90%
1994 India
87%
2000 India
87%
2021 India
87%
1961 Alemania
85%
1963 Brasil
85%
1968 Brasil
85%
1990 Noruega
85%
2024 Dinamarca
84%
1955 Suecia
84%
1966 Suecia
84%
1984 Suecia
84%
1969 Filipinas
81%
1973 Filipinas
81%
2015 Filipinas
81%
2018 Filipinas
81%
1978 Sudáfrica
79%
2017 Sudáfrica
79%
2019 Sudáfrica
79%
1972 Australia
78%
2004 Australia
78%
1965 Tailandia
78%
1988 Tailandia
78%
2003 República Dominicana
74%
1989 Países Bajos
71%
1983 Nueva Zelanda
63%
1964 Grecia
60%
2011 Angola
59%
2023 Nicaragua
59%
1970 Puerto Rico
59%
1985 Puerto Rico
59%
1993 Puerto Rico
59%
2001 Puerto Rico
59%
2006 Puerto Rico
59%
1977 Trinidad y Tobago
47%
1998 Trinidad y Tobago
47%
1976 Israel
44%
1999 Botsuana
43%
1992 Namibia
41%
1971 Líbano
34%
No se encontraron pruebas coincidentes
Distribución de puntuación
Porcentaje de gente con cada puntuación
Porcentaje por número respondido
Historial de tus puntuaciones
No has intentado esta prueba desde el último reinicio